| 000 | 00818cac a22002535a 4500 | ||
|---|---|---|---|
| 008 | 090407t1999 n a|||| |||| 001 0 eng d | ||
| 010 | _a 93011090 | ||
| 020 | _a0060457686 | ||
| 020 | _a9780060457686 | ||
| 040 |
_aEG-ScBUE _beng _dEG-ScBUE |
||
| 082 | 0 | 4 |
_a338.5 _bSCO _222 |
| 100 | 1 |
_aSchotter, A. _93247 |
|
| 245 | 1 | 0 |
_aMicroeconomics : _ba modern approach / _cAndrew R. Schotter. |
| 260 |
_aNew York : _bHarper collins college publishers, _cc.1994. |
||
| 300 |
_axxx, 635 p. : _bill. (some col.) ; _c25 cm. |
||
| 440 | 4 |
_aThe HarperCollins series in economics _93248 |
|
| 500 | _aIndex : p.623-635. | ||
| 504 | _aIncludes bibliographical references. | ||
| 590 | _aDoha | ||
| 650 | 0 |
_aMicroeconomics. _93249 _2BUEsh |
|
| 651 | _2BUEsh | ||
| 653 | _cAugust2015 | ||
| 942 |
_cBB _k338.5SCO _2ddc |
||
| 999 |
_c4265 _d4265 |
||